000 00989nam a22002652a 4500
001 36318
003 BD-RjUL
005 20211209052453.0
008 190408s1962 ii 000 0 eng d
035 _a(BD-RjUL)36415
040 _aDLC
_cHDC
_dEQO
_beng
041 _aeng
082 _223
_a332.11
_bCHC 1962
100 1 _aChandler, Lester Vernon,
_d1905-
_9230194
245 1 0 _aCentral banking and economic development /
_cLester V. Chandler
260 _aBombay:
_c1962
_bUniversity of Bombay,
300 _aii, 54 p. ;
_c23 cm
490 1 _aUniversity of Bombay. Series in monetary and international Economics ;
_vNo. 3
500 _a"Public lectures delivered at the University of Bombay in late February and early March 1962"
650 0 _aEconomic development
_9230195
650 0 _aMonetary policy
_9230196
650 0 _aBanks and banking, Central
_9230197
830 0 _aUniversity of Bombay. Series in monetary and international Economics ;
_vno. 3.
_9230199
942 _2ddc
_cRAR
999 _c36318
_d36318